000 00696nam a2200229 a 4500
001 983901
005 20180222050036.0
008 851031t19791978enka b 001 0 eng c
010 _a 85673445
020 _a0333215370
040 _aMH
_cMH
_dDLC
041 _aeng
080 _a33 joh
082 _233 joh
100 1 _a52
101 _aeco
245 1 0 _aRobertsonian economics :
_cJohn R. Presley.
504 _a"Bibliography of the writings of Dennis Holme Robertson": p. 310-315.
504 _aBibliography: p. 263-309.
906 _a7
_bcbc
_corignew
_du
_encip
_f19
_gy-gencatlg
942 _2ddc
_cBK
999 _c43165
_d43165